000 01650cam a2200349 a 4500
001 1146256
005 20240318183302.0
008 950522s1995 dcua b i000 0 eng d
010 _a 95061095
020 _a1569730253
035 _a(OCoLC)32883098
040 _aDOPI
_cDOPI
_dNNM
_dDLC
042 _alccopycat
050 0 4 _aQH75
_b.N296 1995
082 _a333.95
_bNAT
090 _c33375
_d33374
245 0 0 _aNational biodiversity planning :
_bguidelines based on early experiences around the world /
260 _a[Washington, D.C.] :
_bWorld Resources Institute in cooperation with United Nations Environment Programme, the World Conservation Union,
_c1995.
300 _axiii, 161 p. :
_bill. ;
_c28 cm.
500 _a"This report was the product of a cooperative effort headed by Kenton R. Miller and Steven M. Lanou of the World Resources Institute, in collaboration with the United Nations Environment Programme (UNEP) and the World Consevation Union (IUCN)"--P. ix.
504 _aIncludes bibliographical references (p. 159-161).
650 0 _aBiodiversity conservation
_xManagement.
_958780
650 0 _aBiodiversity.
_924124
700 1 _aMiller, Kenton.
_958781
700 1 _aLanou, Steven M.
_958782
710 2 _aWorld Resources Institute.
_958783
710 2 _aUnited Nations Environment Programme.
_922268
710 2 _aInternational Union for Conservation of Nature and Natural Resources.
_949129
906 _a7
_bcbc
_ccopycat
_d2
_eopcn
_f19
_gy-gencatlg
942 _2ddc
_cBOOK
999 _c33375
_d33374